Cote d'Ivoire : 2009 Article IV Consultation, First Review Under the Three-Year Arrangement Under the Poverty Reduction and Growth Facility, Request for Waiver of Nonobservance of Performance Criteria, and Financing Assurances Review.

This 2009 Article IV Consultation highlights that Cote d'Ivoire has embarked on comprehensive reform policies to address the challenges of enhancing growth and reducing poverty. It adopted a Poverty Reduction Strategy Paper in February 2009, which covers the seven-year period 2009-15, and aims...

Descripción completa

Detalles Bibliográficos
Autor Corporativo: International Monetary Fund
Formato: Revista
Lenguaje:English
Publicado: Washington, D.C. : International Monetary Fund, 2009.
Colección:IMF Staff Country Reports; Country Report ; No. 2009/326
Acceso en línea:Full text available on IMF
LEADER 01816cas a2200241 a 4500
001 AALejournalIMF006177
008 230101c9999 xx r poo 0 0eng d
020 |c 5.00 USD 
020 |z 9781451807967 
022 |a 1934-7685 
040 |a BD-DhAAL  |c BD-DhAAL 
110 2 |a International Monetary Fund. 
245 1 0 |a Cote d'Ivoire :   |b 2009 Article IV Consultation, First Review Under the Three-Year Arrangement Under the Poverty Reduction and Growth Facility, Request for Waiver of Nonobservance of Performance Criteria, and Financing Assurances Review. 
264 1 |a Washington, D.C. :  |b International Monetary Fund,  |c 2009. 
300 |a 1 online resource (115 pages) 
490 1 |a IMF Staff Country Reports 
500 |a <strong>Off-Campus Access:</strong> No User ID or Password Required 
500 |a <strong>On-Campus Access:</strong> No User ID or Password Required 
506 |a Electronic access restricted to authorized BRAC University faculty, staff and students 
520 3 |a This 2009 Article IV Consultation highlights that Cote d'Ivoire has embarked on comprehensive reform policies to address the challenges of enhancing growth and reducing poverty. It adopted a Poverty Reduction Strategy Paper in February 2009, which covers the seven-year period 2009-15, and aims to transform the country into an emerging economy. The authorities have strengthened fiscal control and the transparency of budget implementation in recent years while making room to increase pro-poor spending. Significant revenue efforts have facilitated an increase in spending for urgent needs. 
538 |a Mode of access: Internet 
830 0 |a IMF Staff Country Reports; Country Report ;  |v No. 2009/326 
856 4 0 |z Full text available on IMF  |u http://elibrary.imf.org/view/journals/002/2009/326/002.2009.issue-326-en.xml  |z IMF e-Library